Workplace English for the hospitality industry: (Record no. 1828)
[ view plain ]
| 000 -LEADER | |
|---|---|
| fixed length control field | 00902nam a22002177a 4500 |
| 005 - DATE AND TIME OF LATEST TRANSACTION | |
| control field | 20230314061645.0 |
| 008 - FIXED-LENGTH DATA ELEMENTS--GENERAL INFORMATION | |
| fixed length control field | 230314b |||||||| |||| 00| 0 eng d |
| 020 ## - INTERNATIONAL STANDARD BOOK NUMBER | |
| International Standard Book Number | 978-971-9645-16-0 |
| 082 ## - DEWEY DECIMAL CLASSIFICATION NUMBER | |
| Classification number | Fil. 647.2 D441 2016 |
| 100 ## - MAIN ENTRY--PERSONAL NAME | |
| Personal name | Desacado, Christine Joanne L. |
| Relator term | author |
| 245 ## - TITLE STATEMENT | |
| Title | Workplace English for the hospitality industry: |
| Remainder of title | developing hospitality professionals English language skills in the 21st century / |
| Statement of responsibility, etc. | Christine Joanne Librero-Desacado, Hjalmar Punla Hernandez, Myrna Druga Medrano |
| 260 ## - PUBLICATION, DISTRIBUTION, ETC. | |
| Place of publication, distribution, etc. | Quezon City: |
| Name of publisher, distributor, etc. | Great Books Trading, |
| Date of publication, distribution, etc. | c2016. |
| 300 ## - PHYSICAL DESCRIPTION | |
| Extent | xii, 369p.; |
| Other physical details | ill. |
| 504 ## - BIBLIOGRAPHY, ETC. NOTE | |
| Bibliography, etc. note | Includes bibliographical references |
| 541 ## - IMMEDIATE SOURCE OF ACQUISITION NOTE | |
| Accession number | 5092 c.1, 5093 c.2 |
| 650 ## - SUBJECT ADDED ENTRY--TOPICAL TERM | |
| Topical term or geographic name entry element | Hotels - Employees - Training of |
| 650 ## - SUBJECT ADDED ENTRY--TOPICAL TERM | |
| Topical term or geographic name entry element | English language - Study and teaching |
| 650 ## - SUBJECT ADDED ENTRY--TOPICAL TERM | |
| Topical term or geographic name entry element | Workplace literacy |
| 700 ## - ADDED ENTRY--PERSONAL NAME | |
| Personal name | Hernandez, Hjalmar P. |
| Relator term | author |
| 700 ## - ADDED ENTRY--PERSONAL NAME | |
| Personal name | Medrano, Myrna D. |
| Relator term | author |
| Withdrawn status | Lost status | Source of classification or shelving scheme | Damaged status | Not for loan | Home library | Current library | Date acquired | Total Checkouts | Full call number | Barcode | Date last seen | Copy number | Price effective from | Koha item type |
|---|---|---|---|---|---|---|---|---|---|---|---|---|---|---|
| Dewey Decimal Classification | ctu-moalboal | ctu-moalboal | 06/19/2017 | Fil. 647.2 D441 2016 | 5092 | 03/14/2023 | 1 | 03/14/2023 | Books-Filipiniana | |||||
| Dewey Decimal Classification | ctu-moalboal | ctu-moalboal | 06/19/2017 | Fil. 647.2 D441 2016 | 5093 | 03/14/2023 | 2 | 03/14/2023 | Books-Filipiniana |